| 000 | 01029nam a2200241Ia 4500 | ||
|---|---|---|---|
| 001 | 22988 | ||
| 003 | GE_BSU | ||
| 008 | 181216s||||||||xx |||||||||||||| ||und|| | ||
| 040 | _cGE_BSU | ||
| 080 | _a821.353.1-91.09+398.2(479.22) | ||
| 100 | _aსიხარულიძე,ქსენია | ||
| 245 | _aქართველი მწერლები და ხალხური შემოქმედება. წ. 2 | ||
| 245 | _cრედ. რ. ორჯონიკიძე | ||
| 260 | _aთბილისი | ||
| 260 | _bსაბჭ. საქართველო | ||
| 260 | _c1966 | ||
| 300 | _a249 გვ. 21სმ. | ||
| 300 | _eბიბლიოგრაფია ტექსტის შენიშვნებში. | ||
| 541 | _h1 ლ. 48 თ. | ||
| 653 | _aქართველი მწერლები და ხალხური შემოქმედება. წ. 2 | ||
| 653 | _aქართული ხალხური სიტყვიერება | ||
| 942 | _cBK | ||
| 999 |
_c55890 _d55890 |
||